<?xml version="1.0" encoding="UTF-8"?>
<record
    xmlns:xsi="http://www.w3.org/2001/XMLSchema-instance"
    xsi:schemaLocation="http://www.loc.gov/MARC21/slim http://www.loc.gov/standards/marcxml/schema/MARC21slim.xsd"
    xmlns="http://www.loc.gov/MARC21/slim">

  <leader>03260cam a22003255a 4500</leader>
  <datafield tag="999" ind1=" " ind2=" ">
    <subfield code="c">27481</subfield>
    <subfield code="d">27452</subfield>
  </datafield>
  <controlfield tag="001">20678981</controlfield>
  <controlfield tag="005">20190526130415.0</controlfield>
  <controlfield tag="008">180924s2017    paua   frb    000 0 eng d</controlfield>
  <datafield tag="010" ind1=" " ind2=" ">
    <subfield code="a">  2017278870</subfield>
  </datafield>
  <datafield tag="020" ind1=" " ind2=" ">
    <subfield code="a">9781628253863 (paperback)</subfield>
  </datafield>
  <datafield tag="035" ind1=" " ind2=" ">
    <subfield code="a">(OCoLC)on1005842950</subfield>
  </datafield>
  <datafield tag="040" ind1=" " ind2=" ">
    <subfield code="a">N$T</subfield>
    <subfield code="b">eng</subfield>
    <subfield code="c">N$T</subfield>
    <subfield code="d">N$T</subfield>
    <subfield code="d">OCLCF</subfield>
    <subfield code="d">UMI</subfield>
    <subfield code="d">TOH</subfield>
    <subfield code="d">Y9N</subfield>
    <subfield code="d">DLC</subfield>
    <subfield code="d">EG-ScBUE</subfield>
  </datafield>
  <datafield tag="082" ind1="0" ind2="4">
    <subfield code="a">658.406</subfield>
    <subfield code="b">HOW</subfield>
    <subfield code="2">22</subfield>
  </datafield>
  <datafield tag="245" ind1="0" ind2="0">
    <subfield code="a">How successful organizations implement change :</subfield>
    <subfield code="b">integrating organizational change management and project management to deliver strategic value /</subfield>
    <subfield code="c">compiled and edited by Emad E. Aziz, Wanda Curlee.</subfield>
  </datafield>
  <datafield tag="260" ind1=" " ind2=" ">
    <subfield code="a">Newton Square, Pennsylvania :</subfield>
    <subfield code="b">Project Management Institute,</subfield>
    <subfield code="c">c.2017.</subfield>
  </datafield>
  <datafield tag="300" ind1=" " ind2=" ">
    <subfield code="a">xvii, 354 p. :</subfield>
    <subfield code="b">ill. ;</subfield>
    <subfield code="c">28 cm.</subfield>
  </datafield>
  <datafield tag="504" ind1=" " ind2=" ">
    <subfield code="a">Includes bibliographical references.</subfield>
  </datafield>
  <datafield tag="520" ind1=" " ind2=" ">
    <subfield code="a">The only constant is change -- especially in today's business environment. Increasing globalization and the rise of new markets and technologies are forcing companies to compete in a more turbulent world than ever. To survive and thrive, organizations must be able to continuously evolve. Unfortunately, people tend to resist change. Uncertainty can be daunting, and people generally prefer to keep doing what they already know, avoiding unfamiliar situations, particularly in their work. The good news is that change can be managed using the same processes many organizations already use in their day-to-day project management activities. After all, every project results in some type of change to an organization. Building on the Project Management Institute's Managing Change in Organizations: A Practice Guide, and drawing on the project management expertise of a wide variety of authors, How Successful Organizations Implement Change explains the critical aspects of the change management process and outlines the methods that project, program, and portfolio managers can utilize to bring effective change in a complex and transient business context. For practitioners who are directly leading the change effort as well as those affected by it; for executives formulating strategies, even those managing operations; and for academics researching or teaching others about organizational change management, the examples provided in this book cover a broad range of industries and areas of business. How Successful Organizations Implement Change combines the change management knowledge of experts, academics, researchers, and practitioners with tools, processes, and templates, all of which make this volume a valuable resource, a must-have, for leaders of change in organizations.</subfield>
  </datafield>
  <datafield tag="541" ind1=" " ind2=" ">
    <subfield code="a">Emad E. Aziz ;</subfield>
  </datafield>
  <datafield tag="650" ind1=" " ind2="7">
    <subfield code="a">Organizational change.</subfield>
    <subfield code="2">BUEsh</subfield>
  </datafield>
  <datafield tag="650" ind1=" " ind2="7">
    <subfield code="a">Leadership.</subfield>
    <subfield code="2">BUEsh</subfield>
  </datafield>
  <datafield tag="651" ind1=" " ind2=" ">
    <subfield code="2">BUEsh</subfield>
  </datafield>
  <datafield tag="653" ind1=" " ind2=" ">
    <subfield code="b">BUSADM</subfield>
    <subfield code="c">May2019</subfield>
  </datafield>
  <datafield tag="700" ind1="1" ind2=" ">
    <subfield code="a">Aziz, Emad E.,</subfield>
    <subfield code="e">compiler,</subfield>
    <subfield code="e">editor.</subfield>
  </datafield>
  <datafield tag="700" ind1="1" ind2=" ">
    <subfield code="a">Curlee, Wanda,</subfield>
    <subfield code="e">compiler,</subfield>
    <subfield code="e">editor.</subfield>
  </datafield>
  <datafield tag="856" ind1="4" ind2="0">
    <subfield code="3">EBSCOhost</subfield>
    <subfield code="u">http://search.ebscohost.com/login.aspx?direct=true&amp;scope=site&amp;db=nlebk&amp;db=nlabk&amp;AN=1612693</subfield>
  </datafield>
  <datafield tag="856" ind1="4" ind2="0">
    <subfield code="3">Safari Books Online</subfield>
    <subfield code="u">http://proquest.safaribooksonline.com/?fpi=9781628253870</subfield>
  </datafield>
  <datafield tag="856" ind1="4" ind2=" ">
    <subfield code="z">Connect to this resource online</subfield>
    <subfield code="u">http://ezproxy.torontopubliclibrary.ca/login?url=http://proquestcombo.safaribooksonline.com/?uiCode=torontopl&amp;xmlId=9781628253870</subfield>
  </datafield>
  <datafield tag="942" ind1=" " ind2=" ">
    <subfield code="2">ddc</subfield>
  </datafield>
  <datafield tag="952" ind1=" " ind2=" ">
    <subfield code="0">0</subfield>
    <subfield code="1">0</subfield>
    <subfield code="2">ddc</subfield>
    <subfield code="4">0</subfield>
    <subfield code="7">0</subfield>
    <subfield code="8">Donation-G</subfield>
    <subfield code="a">MAIN</subfield>
    <subfield code="b">MAIN</subfield>
    <subfield code="c">1ST</subfield>
    <subfield code="d">2019-05-26</subfield>
    <subfield code="e">Donation</subfield>
    <subfield code="l">0</subfield>
    <subfield code="o">658.406 HOW</subfield>
    <subfield code="p">000047859</subfield>
    <subfield code="r">2025-07-15 00:00:00</subfield>
    <subfield code="y">BB</subfield>
  </datafield>
</record>
